000 02280nam0a2200385 4500
001 RU\NLR\bibl\562009
005 20260409071456.0
010 _a5-8209-0299-8
_9500
021 _aRU
_b2004-24114
_91219
035 _a(NLR Aleph) 000554120
035 _aRSL-KNO-002428663
090 _a1491086
_c1491086
100 _a20040427d2004 u y0rusy50 ca
101 0 _arus
102 _aRU
105 _aa |||||||||
106 _ar
200 1 _aХрестоматия по переводоведению
_eучеб. пособие для студентов вузов, обучающихся по спец. 021700 - "Филология", специалзации "Зарубеж. филология"
_fМ-во образования Рос. Федерации, Куб. гос. ун-т
_g[Сост.: Сидорова Л.И., Тхорик В.И.]
210 _aКраснодар
_cКуб. гос. ун-т
_d2004
_eТип. ООО Просвещение-Юг
215 _a346 с.
_cил.
_d21
300 _aНа обл.: К 80-летию Куб. гос. ун-та
320 _aБиблиогр. в прил.: с. 342-343 (35 назв.) и в подстроч. прим.
606 _aПеревод (лингв.)
_jРуководства, пособия и т.п.
_3RU\NLR\auth\66701106
_91594424
606 _aПеревод (лингв.)
_jУчебные издания для высших учебных заведений
_3RU\NLR\auth\66701106
_91594424
610 0 _aФилологические науки. Художественная литература -- Литературоведение -- Теория литературы -- Художественный перевод -- Учебные пособия для высшей школы -- Хрестоматии
686 _aШ407я73-3
_2rubbk
686 _aШ107.7я7
702 1 _4220
_8rus
_7ca
_aСидорова
_bЛ. И.
_cфилолог
_gЛариса Иосифовна
_3RU\NLR\auth\7741423
_924371
712 0 2 _4570
_aКубанский государственный университет
_cКраснодар
_3RU\NLR\AUTH\8810948
_9294538
801 0 _aRU
_bRuMoRKP
_c20040427
_gPSBO
801 1 _aRU
_bRuMoRGB
_c20040427
801 2 _aRU
_bNLR
_c20041013
_gPSBO
942 _cBOOK
980 _aNB